UBT Library

The spectrum : (Record no. 41720)

000 -LEADER
fixed length control field 00805cam a2200241 a 4500
001 - CONTROL NUMBER
control field 15648377
005 - DATE AND TIME OF LATEST TRANSACTION
control field 20180205033726.0
007 - PHYSICAL DESCRIPTION FIXED FIELD--GENERAL INFORMATION
fixed length control field vd |v||||
008 - FIXED-LENGTH DATA ELEMENTS--GENERAL INFORMATION
fixed length control field 090305r20082007nyua b 001 0 eng
010 ## - LIBRARY OF CONGRESS CONTROL NUMBER
LC control number 2009285938
020 ## - INTERNATIONAL STANDARD BOOK NUMBER
International Standard Book Number 9780345496317
040 ## - CATALOGING SOURCE
Original cataloging agency DLC
Transcribing agency DLC
Modifying agency DLC
041 ## - LANGUAGE CODE
Language code of text/sound track or separate title eng
080 ## - UNIVERSAL DECIMAL CLASSIFICATION NUMBER
Universal Decimal Classification number 613.2 dea
082 00 - DEWEY DECIMAL CLASSIFICATION NUMBER
Classification number 613.2 dea
Edition number 22
100 1# - Rafti
Rafti 3
101 ## - Shkurtesa
Shkurtesa shm
245 14 - TITLE STATEMENT
Title The spectrum :
Statement of responsibility, etc Dean Ornish ; with recipes by Art Smith.
504 ## - BIBLIOGRAPHY, ETC. NOTE
Bibliography, etc Includes bibliographical references (p. [349]-370) and index.
906 ## - LOCAL DATA ELEMENT F, LDF (RLIN)
a 7
b cbc
c origcop
d 2
e ncip
f 20
g y-gencatlg
942 ## - ADDED ENTRY ELEMENTS (KOHA)
Source of classification or shelving scheme
Item type Books

No items available.

UBT Library © 2015-2024. All rights reserved University Education for Business and Technology